000 00544nam a22002177a 4500
001 00138
003 DO-SdBNP
005 20160404152311.0
007 00138
008 160404b mx 1992 ||||| |||| 00| 0 spa d
020 _a9684307276
040 _aBPMSU
_bspa
_cBPMSU
092 _axxxxxxxx
_bxxxxxxxx
245 _aIniciación al inglés
260 _aMéxico :
_bSantillana,
_c1992.
300 _a126 p. :
_bil.,
_c28 cm.
490 1 _aOne, two... ten!
_v3
830 0 _aOne, two... ten!
_n3
942 _2ddc
_cBK
956 _aBrenda Tavárez
999 _c9532
_d9532